[Event "HZ Chess Tournament 2024"]
[Site "Vlissingen, Netherlands"]
[Date "2024.08.09"]
[Round "8.29"]
[White "Gosman, Theo"]
[Black "Sorbe, Stephane"]
[Result "0-1"]
[WhiteElo "2003"]
[BlackElo "2343"]
[PlyCount "146"]

1. e4 c6 2. d3 d5 3. Bf4 Qb6 4. Nf3 Bg4 5. Nbd2 Nd7 6. Be2 e6 7. O-O h6 8. exd5
cxd5 9. c4 Ngf6 10. cxd5 Nxd5 11. Nc4 Qa6 12. Bg3 b5 13. Nce5 Nxe5 14. Bxe5 f6
15. Bg3 Qb6 16. a4 a5 17. axb5 Bb4 18. Rc1 O-O 19. Rc4 Bh5 20. Nd4 Bxe2 21.
Qxe2 e5 22. Qe4 Rad8 23. Nf5 Rd7 24. Rfc1 Qxb5 25. Rc8 Qb7 26. Rxf8+ Bxf8 27.
Qa4 Qxb2 28. Ra1 Rc7 29. h3 Bb4 30. Kh2 Kh7 31. Rg1 Qc2 32. Qb5 Nc3 33. Qb8 Ne2
34. Rf1 Rd7 35. Ne3 Qc6 36. Rd1 e4 37. Qe8 Nc3 38. Rd2 Qb5 39. d4 Qb7 40. d5
Re7 41. Qc6 Nb5 42. Rc2 Nd4 43. Qxb7 Rxb7 44. Rc4 Nb5 45. Rxe4 Rd7 46. Rc4 Kg8
47. Rc8+ Kf7 48. Rb8 Nc3 49. d6 Ne4 50. Nc4 Nxg3 51. fxg3 Bxd6 52. Ra8 Bc7 53.
Nxa5 h5 54. h4 Rd3 55. Ra7 Rc3 56. Nb3 Kg6 57. Rxc7 Rxc7 58. Nd4 Rc4 59. Ne6
Re4 60. Nf4+ Kh6 61. Nd5 Re1 62. Nf4 Rf1 63. Nd5 Kg6 64. Nf4+ Rxf4 65. gxf4 Kf5
66. g3 Kg4 67. Kg2 f5 68. Kh2 Kf3 69. Kh3 Kf2 70. Kh2 g6 71. Kh3 Kg1 72. g4
hxg4+ 73. Kg3 Kf1 0-1

[Event "HZ Chess Tournament 2024"]
[Site "Vlissingen, Netherlands"]
[Date "2024.08.09"]
[Round "8.30"]
[White "Verweij, David"]
[Black "Stillger, Bernhard"]
[Result "1/2-1/2"]
[WhiteElo "2001"]
[BlackElo "2263"]
[PlyCount "111"]

1. Nf3 Nf6 2. g3 d5 3. Bg2 g6 4. O-O Bg7 5. d3 O-O 6. Nbd2 Nc6 7. c4 d4 8. Rb1
a5 9. b3 e5 10. a3 Qe7 11. Qc2 Re8 12. Re1 Bf5 13. Nh4 Be6 14. Nf1 h6 15. e3
Rad8 16. Bb2 Qd7 17. Rbd1 g5 18. Nf3 Bg4 19. Rd2 Qf5 20. e4 Qe6 21. Kh1 Nd7 22.
Ng1 Nf8 23. h3 Bh5 24. Nh2 Qe7 25. Bc1 Ne6 26. f3 Qc5 27. Rf2 b5 28. Ref1 bxc4
29. bxc4 Rb8 30. Ne2 Qb6 31. f4 f6 32. fxg5 fxg5 33. h4 Rf8 34. Rf5 Ne7 35. g4
Bg6 36. Nf3 Qb3 37. Qd2 Bxf5 38. exf5 Nf4 39. Nxf4 gxf4 40. Qxa5 Qb6 41. Qe1
Nc6 42. Bh3 Rbe8 43. Nd2 e4 44. Nxe4 Ne5 45. Qd1 Qb1 46. Nc5 Qb6 47. Ne6 Rxe6
48. fxe6 Qxe6 49. Bxf4 Qe7 50. Bg3 Qxa3 51. Bxe5 Bxe5 52. Bg2 Qe7 53. Bd5+ Kg7
54. g5 Rxf1+ 55. Qxf1 hxg5 56. hxg5 1/2-1/2

[Event "HZ Chess Tournament 2024"]
[Site "Vlissingen, Netherlands"]
[Date "2024.08.09"]
[Round "8.31"]
[White "Duijker, Rick"]
[Black "Ellenbroek, Ton"]
[Result "1-0"]
[WhiteElo "2186"]
[BlackElo "2001"]
[PlyCount "93"]

1. Nf3 c5 2. g3 d5 3. c4 e6 4. cxd5 exd5 5. d4 Nc6 6. Nc3 Nf6 7. Bg2 cxd4 8.
Nxd4 Bc5 9. Nb3 Bb6 10. O-O d4 11. Na4 O-O 12. Bg5 h6 13. Bxf6 Qxf6 14. Nxb6
axb6 15. Bxc6 bxc6 16. Qxd4 Qxd4 17. Nxd4 c5 18. Nb5 Be6 19. Nc3 Rfd8 20. Rfd1
b5 21. Nxb5 Rxd1+ 22. Rxd1 Rxa2 23. Rd8+ Kh7 24. Rd2 g5 25. f3 h5 26. Kf2 Ra1
27. Nc3 Kg6 28. e4 Rh1 29. Kg2 Rc1 30. f4 gxf4 31. gxf4 Bc4 32. Kg3 Rf1 33.
Rd6+ Kg7 34. Rc6 h4+ 35. Kxh4 Rxf4+ 36. Kg3 Rf1 37. Rxc5 Be6 38. b4 Rg1+ 39.
Kf2 Rh1 40. Kg2 Rc1 41. h4 Rc2+ 42. Kf3 Rb2 43. b5 f6 44. Rc6 Bh3 45. b6 f5 46.
Kg3 Bg2 47. Nd1 1-0

[Event "HZ Chess Tournament 2024"]
[Site "Vlissingen, Netherlands"]
[Date "2024.08.09"]
[Round "8.32"]
[White "Grooten, Tommy"]
[Black "Dhooge, Servaas"]
[Result "1/2-1/2"]
[WhiteElo "2146"]
[BlackElo "1994"]
[PlyCount "76"]

1. e4 c5 2. Nf3 e6 3. d4 cxd4 4. Nxd4 a6 5. c4 Nf6 6. Nc3 Qc7 7. a3 b6 8. Be3
Bb7 9. f3 Be7 10. Be2 O-O 11. Rc1 d6 12. Qd2 Nbd7 13. g4 Qd8 14. g5 Nh5 15. Kd1
Rc8 16. Kc2 g6 17. Kb1 e5 18. Nc2 Nc5 19. Ka2 Ne6 20. h4 Ng3 21. Rhg1 Nxe2 22.
Qxe2 f5 23. gxf6 Bxf6 24. h5 g5 25. Nd5 Nf4 26. Nxf4 exf4 27. Bxf4 Kh8 28. Be3
h6 29. Nd4 Bxd4 30. Bxd4+ Kh7 31. Qd3 Qe8 32. Bxb6 Qxh5 33. Rh1 Qxf3 34. Qd2
Bxe4 35. Be3 Qf7 36. Rhf1 Qe6 37. Rxf8 Rxf8 38. Qd4 Rf7 1/2-1/2

[Event "HZ Chess Tournament 2024"]
[Site "Vlissingen, Netherlands"]
[Date "2024.08.09"]
[Round "8.33"]
[White "Timmermans, Ivo"]
[Black "Kaufmann, Thomas"]
[Result "1/2-1/2"]
[WhiteElo "2143"]
[BlackElo "1968"]
[PlyCount "58"]

1. e4 c5 2. Nf3 Nc6 3. d4 cxd4 4. Nxd4 e5 5. Nb5 d6 6. N1c3 a6 7. Na3 Be7 8.
Nc4 b5 9. Ne3 Nf6 10. Bd3 O-O 11. O-O Nb4 12. a3 Nxd3 13. Qxd3 Be6 14. Rd1 g6
15. Ned5 Nxd5 16. Nxd5 Bxd5 17. Qxd5 Kg7 18. Be3 Qc7 19. c3 Rab8 20. f4 f6 21.
Qe6 Rb7 22. Qh3 Qc8 23. f5 g5 24. Qf3 Qe8 25. Rd5 Qf7 26. Qe2 Rc8 27. Bd2 Rc5
28. Rxc5 dxc5 29. Rd1 Rd7 1/2-1/2

[Event "HZ Chess Tournament 2024"]
[Site "Vlissingen, Netherlands"]
[Date "2024.08.09"]
[Round "8.34"]
[White "Kalle, Erwin"]
[Black "Kazarjan, Gachatur"]
[Result "0-1"]
[WhiteElo "1998"]
[BlackElo "2100"]
[PlyCount "64"]

1. c4 f5 2. g3 Nf6 3. Bg2 e6 4. Nf3 Be7 5. O-O O-O 6. b3 Ne4 7. Bb2 Bf6 8. Qc2
a5 9. d3 Bxb2 10. Qxb2 Nf6 11. Nc3 d6 12. d4 Qe8 13. Rfe1 d5 14. Ne5 c6 15. f3
Na6 16. e4 fxe4 17. fxe4 Qd8 18. Rac1 dxc4 19. Nd1 cxb3 20. axb3 Nb4 21. Nf2
Nd7 22. Nfd3 Nxe5 23. Nxe5 Bd7 24. Red1 Qe7 25. d5 exd5 26. exd5 Rad8 27. dxc6
Bxc6 28. Rxd8 Rxd8 29. Bxc6 Nxc6 30. Nxc6 Qe3+ 31. Kh1 bxc6 32. Qc3 Rd1+ 0-1

[Event "HZ Chess Tournament 2024"]
[Site "Vlissingen, Netherlands"]
[Date "2024.08.09"]
[Round "8.35"]
[White "Abrahams, Daniel"]
[Black "Westerweele, Henrik"]
[Result "1-0"]
[WhiteElo "2139"]
[BlackElo "1981"]
[PlyCount "129"]

1. d4 f5 2. c4 e6 3. g3 Nf6 4. Bg2 Be7 5. Nh3 O-O 6. O-O d6 7. b3 c6 8. Bb2 Qc7
9. Nd2 e5 10. e4 fxe4 11. dxe5 dxe5 12. Ng5 Bf5 13. Ngxe4 Nbd7 14. Qe2 Rae8 15.
Rad1 Nc5 16. Nxf6+ Bxf6 17. Ne4 Be7 18. Rd2 Nxe4 19. Bxe4 Bc5 20. Bxf5 Rxf5 21.
Qe4 Qf7 22. Kg2 Qe6 23. f3 Rh5 24. h4 Rf5 25. Rd3 Rf7 26. Re1 Rfe7 27. Bc3 b5
28. cxb5 cxb5 29. Rd5 Bd4 30. Bb4 Rd7 31. Rxd7 Qxd7 32. f4 a6 33. fxe5 Rxe5 34.
Qa8+ Kf7 35. Rxe5 Bxe5 36. Qe4 Qd4 37. Qb7+ Kg6 38. Qxa6+ Kf5 39. Qxb5 Qe4+ 40.
Kh2 Qc2+ 41. Kh3 Qd1 42. Kg2 Qc2+ 43. Kf1 Qxa2 44. Bd6 Qb1+ 45. Kg2 Qe4+ 46.
Kh2 Kg4 47. Qxe5 Qc2+ 48. Kg1 Qd1+ 49. Kf2 Qf3+ 50. Ke1 Qxb3 51. Qxg7+ Kh3 52.
Qd7+ Kg2 53. Bf4 h5 54. Qd1 Qf7 55. Qe2+ Kh3 56. Kf1 Qd5 57. Ke1 Qa5+ 58. Qd2
Qb5 59. Kf2 Qc5+ 60. Kf1 Qc6 61. Qe3 Kg4 62. Kg1 Qd5 63. Kh2 Qa2+ 64. Qd2 Qf7
65. Be3 1-0

[Event "HZ Chess Tournament 2024"]
[Site "Vlissingen, Netherlands"]
[Date "2024.08.09"]
[Round "8.37"]
[White "Van Doren, Bas"]
[Black "De Zwart, Johan"]
[Result "1-0"]
[WhiteElo "2129"]
[BlackElo "1945"]
[PlyCount "143"]

1. e4 e5 2. Nf3 Nc6 3. d4 exd4 4. Nxd4 Nf6 5. Nxc6 bxc6 6. e5 Qe7 7. Qe2 Nd5 8.
c4 Ba6 9. Nd2 g6 10. Nf3 Bg7 11. Bg5 Qb4+ 12. Qd2 Qxd2+ 13. Kxd2 Nb6 14. b3 h6
15. Bh4 g5 16. Bg3 O-O-O 17. Nd4 Rhe8 18. Re1 f6 19. Nf5 Bf8 20. Kc3 fxe5 21.
Rxe5 Rxe5 22. Bxe5 Re8 23. Bd4 c5 24. Be3 d6 25. Be2 Bb7 26. Bg4 Kb8 27. h4
Bxg2 28. Rh2 Be4 29. hxg5 Bxf5 30. Bxf5 Bg7+ 31. Kd3 hxg5 32. Rh7 Bf6 33. Rf7
Bd8 34. Rg7 a5 35. a4 Bf6 36. Rf7 Bd4 37. Bxd4 cxd4 38. Kxd4 Re5 39. Bg4 Re8
40. Bf5 Re5 41. Bg4 Re8 42. Kc3 Re5 43. Kd3 Kb7 44. Rf8 Rc5 45. Re8 Ka7 46. Kd4
Kb7 47. Ke3 Ka7 48. Kf3 Kb7 49. Kg3 Ka7 50. Re3 Kb8 51. Be6 Nc8 52. Bxc8 Kxc8
53. Kg4 Kd7 54. Re4 Kd8 55. Re1 Kd7 56. Re3 c6 57. Re1 Kd8 58. Re2 Kd7 59. Re3
d5 60. Rd3 Ke6 61. Re3+ Kd6 62. Rd3 Ke6 63. cxd5+ cxd5 64. Kxg5 d4+ 65. Kf4
Rf5+ 66. Ke4 Rxf2 67. Kxd4 Rf4+ 68. Kc5 Rb4 69. Rd6+ Ke7 70. Rb6 Rh4 71. Kb5
Rh5+ 72. Ka6 1-0

[Event "HZ Chess Tournament 2024"]
[Site "Vlissingen, Netherlands"]
[Date "2024.08.09"]
[Round "8.38"]
[White "Hirzel, Cedric"]
[Black "Morgenthaler, Nick"]
[Result "1-0"]
[WhiteElo "2116"]
[BlackElo "1958"]
[PlyCount "63"]

1. d4 d5 2. c4 e6 3. Nf3 Nf6 4. Nc3 c6 5. e3 Nbd7 6. Qc2 Be7 7. Bd3 dxc4 8.
Bxc4 b5 9. Bd3 Bb7 10. O-O Rc8 11. a3 a5 12. e4 h6 13. Qe2 b4 14. Na4 c5 15.
dxc5 Nxc5 16. Bb5+ Kf8 17. Nxc5 Bxc5 18. axb4 axb4 19. Ba6 Ra8 20. Be3 Bxe3 21.
Bxb7 Rb8 22. Rfd1 Qb6 23. Qxe3 Qxb7 24. Ra7 Qxe4 25. Qxe4 Nxe4 26. Rdd7 Rc8 27.
Rxf7+ Ke8 28. Rfe7+ Kf8 29. Rf7+ Ke8 30. Rfe7+ Kf8 31. g3 Rc1+ 32. Kg2 1-0

[Event "HZ Chess Tournament 2024"]
[Site "Vlissingen, Netherlands"]
[Date "2024.08.09"]
[Round "8.39"]
[White "Manshanden, Nick"]
[Black "Merz, Leander"]
[Result "1/2-1/2"]
[WhiteElo "2114"]
[BlackElo "1950"]
[PlyCount "100"]

1. e4 c6 2. d4 d5 3. f3 e6 4. Nc3 Nf6 5. e5 Ng8 6. f4 c5 7. Nf3 Nc6 8. Be3 cxd4
9. Nxd4 Bb4 10. Qg4 Kf8 11. Bd3 Qb6 12. f5 Nxe5 13. Qf4 Bd6 14. Qf2 Qxb2 15.
Kd2 Nf6 16. fxe6 Nxd3 17. Kxd3 Qxc3+ 18. Kxc3 Ne4+ 19. Kb3 Nxf2 20. Rhf1 Ng4
21. Rxf7+ Ke8 22. Nf5 Be5 23. Bd4 Nh6 24. Nxg7+ Bxg7 25. Bxg7 Nxf7 26. exf7+
Kxf7 27. Bxh8 Be6 28. Rf1+ Ke7 29. Bd4 a6 30. Bc5+ Kd7 31. Rf6 Rc8 32. Bd4 Rg8
33. g3 Rg6 34. Rxg6 hxg6 35. Bg7 Kc6 36. Kb4 Bf5 37. Kb3 Be4 38. h4 b5 39. c3
Bd3 40. a3 Be2 41. Bf8 a5 42. Kc2 Kd7 43. Kd2 Bc4 44. g4 Ke6 45. Ke3 Kf6 46.
Bh6 a4 47. Bf4 Bb3 48. Kd4 Bd1 49. Kc5 Bxg4 50. Kxb5 Bd1 1/2-1/2

[Event "HZ Chess Tournament 2024"]
[Site "Vlissingen, Netherlands"]
[Date "2024.08.09"]
[Round "8.40"]
[White "Lind, Jacco"]
[Black "Kliashtornyi, Arkadii"]
[Result "0-1"]
[WhiteElo "1983"]
[BlackElo "2098"]
[PlyCount "60"]

1. e4 c6 2. Nc3 d5 3. Nf3 dxe4 4. Nxe4 Nf6 5. Qe2 Nxe4 6. Qxe4 Qd5 7. Qh4 Qe6+
8. Be2 Qg4 9. Qg3 Qxg3 10. hxg3 Bf5 11. c3 Nd7 12. d4 h6 13. a4 a5 14. Be3 e6
15. Nd2 Bd6 16. Bf3 Nf6 17. c4 O-O 18. O-O-O Rfd8 19. Rh4 Be7 20. Nb3 Nd7 21.
Rh5 Nb6 22. c5 Nd5 23. Bxd5 cxd5 24. Bd2 Bg4 25. Rhh1 Bxd1 26. Rxd1 Rdc8 27.
Bxa5 b6 28. Bxb6 Rxa4 29. Na5 Rb4 30. Ba7 Bd8 0-1

[Event "HZ Chess Tournament 2024"]
[Site "Vlissingen, Netherlands"]
[Date "2024.08.09"]
[Round "8.41"]
[White "Haak, Eelco"]
[Black "Merbis, Max"]
[Result "0-1"]
[WhiteElo "1974"]
[BlackElo "2079"]
[PlyCount "70"]

1. d4 d5 2. Nf3 Nf6 3. g3 e6 4. Bg2 b5 5. O-O Bb7 6. b3 Nbd7 7. c4 bxc4 8. bxc4
dxc4 9. Na3 Nb6 10. Nxc4 Bd5 11. Nce5 Bd6 12. Ng5 Bxe5 13. dxe5 Bxg2 14. Kxg2
Nfd7 15. f4 h6 16. Nf3 c5 17. a4 O-O 18. a5 Nd5 19. f5 Nxe5 20. Nxe5 Qf6 21.
fxe6 Qxe5 22. exf7+ Rxf7 23. Rxf7 Kxf7 24. Ra3 Re8 25. e3 Kg8 26. Qc2 Kh8 27.
Rb3 Nf6 28. Qd3 Ne4 29. Bb2 Qf5 30. Rb7 Qf2+ 31. Kh3 Ng5+ 32. Kh4 Qxh2+ 33. Kg4
Qh3+ 34. Kf4 Rf8+ 35. Ke5 Qe6# 0-1